Информационная поддержка бизнес-процессов на основе систем управления знаниями; Молодежь и современные информационные технологии

التفاصيل البيبلوغرافية
Parent link:Молодежь и современные информационные технологии.— 2006.— С. 236-238
المؤلف الرئيسي: Черний А. В.
مؤلفون آخرون: Облупин А. Г.
اللغة:الروسية
منشور في: 2006
الموضوعات:
التنسيق: فصل الكتاب
KOHA link:https://koha.lib.tpu.ru/cgi-bin/koha/opac-detail.pl?biblionumber=108783

MARC

LEADER 00000naa2a2200000 4500
001 108783
005 20231031115822.0
035 |a (RuTPU)RU\TPU\book\117434 
090 |a 108783 
100 |a 20070125d2006 k y0rusy50 ca 
101 0 |a rus 
102 |a RU 
200 1 |a Информационная поддержка бизнес-процессов на основе систем управления знаниями  |f А. В. Черний, А. Г. Облупин 
320 |a Библиогр.: 3 назв. 
463 0 |0 (RuTPU)RU\TPU\book\108762  |t Молодежь и современные информационные технологии  |o сборник трудов IV Всероссийской научно-практической конференции студентов, аспирантов и молодых ученых, г. Томск, 28 февраля - 2 марта 2006 г.  |f Томский политехнический университет; Молодежь и современные информационные технологии  |v С. 236-238  |d 2006  |p 418 с. 
610 1 |a бизнес-процессы 
610 1 |a системы управления знаниями 
610 1 |a управления знаниями 
610 1 |a автоматизация документооборота 
610 1 |a документооборот 
610 1 |a труды учёных ТПУ 
700 1 |a Черний  |b А. В. 
701 1 |a Облупин  |b А. Г. 
801 1 |a RU  |b 63413507  |c 20070125  |g PSBO 
942 |c BK